Making the metropolitan landscape : standing firm on middle ground (Record no. 67024)

MARC details
000 -LEADER
fixed length control field 00296nam a22001097a 4500
005 - DATE AND TIME OF LATEST TRANSACTION
control field 20251014101154.0
008 - FIXED-LENGTH DATA ELEMENTS--GENERAL INFORMATION
fixed length control field 251014b |||||||| |||| 00| 0 eng d
040 ## - CATALOGING SOURCE
Transcribing agency PK-LaNCA
082 ## - DEWEY DECIMAL CLASSIFICATION NUMBER
Classification number 711.40973
Item number MAK
245 ## - TITLE STATEMENT
Title Making the metropolitan landscape : standing firm on middle ground
942 ## - ADDED ENTRY ELEMENTS (KOHA)
Koha item type Book
999 ## -
-- 67024
-- 67024
Holdings
Withdrawn status Weedout from Library Permanent Location Current Location Date acquired Full call number Barcode Price effective from Koha item type
    NATIONAL COLLEGE OF ARTS, RAWALPINDI CAMPUS - LIBRARY NATIONAL COLLEGE OF ARTS, RAWALPINDI CAMPUS - LIBRARY 14/10/2025 MAK 711.40973 RP008443 RP008443 14/10/2025 Book